UK Firefighter Acronyms - Statistics

General Stats
  • This quiz has been taken 9 times
  • The average score is 6 of 27
Answer Stats
Hint Answer % Correct
FF Firefighter
86%
SAR Search And Rescue
43%
AFA Automatic Fire Alarm
29%
BA Breathing Apparatus
29%
CFO Chief Fire Officer
29%
DCFO Deputy Chief Fire Officer
29%
RTC Road Traffic Collision
29%
USAR Urban Search And Rescue
29%
ARTA Animal Rescue Tactical Advisor
14%
AM Area Manager
14%
ACFO Assistant Chief Fire Officer
14%
BASU Breathing Apparatus Support Unit
14%
FRA Fire And Rescue Authority
14%
FRS Fire And Rescue Service
14%
FFC Firefighters Charity
14%
FI Fire Investigation
14%
HSE Health And Safety Executive
14%
HMFVs Home Fire Safety Visits
14%
ICU Incident Command Unit
14%
IRS Incident Recording System
14%
KSI Killed Or Seriously Injured
14%
NFCC National Fire Chiefs Council
14%
OIC Officer In Charge
14%
RDS Retained Duty System
14%
TFS Technical Fire Safety
14%
WT Wholetime
14%
WSA Working Safety Alarm
14%
No matching quizzes found
Score Distribution
Percent of People with Each Score
Percentile by Number Answered
Your Score History
You have not taken this quiz